00487 2200169 4500001002100000005001700021006001900038008004100057020002200098035002500120090001800145100002100163245005700184260003800241700002100279990001700300INLIS00000000000848020140219132126.0a ||| | 180719| ||| |  a978-979-29-1380-4 a0010-081300000000117 a613.042 YUL p0 aNurheti Yuliarti00apanduan lengkap olahraga bagi wanita amil & menyusui aYogyakartabC.V ANDI OFFSETc20100 aBenedicta Rini W a8646/PN/2013